Loading...
| Arts - Music | 6 | 23.33 | 100% | 83% | 50% |
| Arts - Other Arts | 4 | 22.50 | 100% | 75% | 50% |
| Arts - Painting | 4 | 25.00 | 100% | 100% | 50% |
| History - American | 1 | 20.00 | 100% | 100% | 0% |
| History - American History | 3 | 23.33 | 100% | 100% | 33% |
| History - European | 5 | 16.00 | 100% | 60% | 0% |
| History - Other History | 7 | 20.00 | 100% | 57% | 43% |
| History - World | 2 | 25.00 | 100% | 100% | 50% |
| History - World History | 7 | 25.71 | 100% | 86% | 71% |
| Literature - American Lit | 9 | 23.33 | 100% | 89% | 44% |
| Literature - British Lit | 7 | 21.43 | 100% | 100% | 14% |
| Literature - European Lit | 4 | 22.50 | 100% | 100% | 25% |
| Literature - World | 1 | 20.00 | 100% | 100% | 0% |
| Literature - World Lit | 7 | 21.43 | 100% | 86% | 29% |
| Mythology | 5 | 24.00 | 100% | 100% | 40% |
| Other - Geo/CE | 8 | 20.00 | 100% | 88% | 13% |
| Other Academic | 8 | 20.00 | 100% | 75% | 25% |
| Philosophy | 1 | 20.00 | 100% | 100% | 0% |
| Pop Culture | 4 | 15.00 | 100% | 50% | 0% |
| Religion | 6 | 20.00 | 100% | 83% | 17% |
| Science - Biology | 7 | 24.29 | 100% | 86% | 57% |
| Science - Chemistry | 4 | 20.00 | 100% | 75% | 25% |
| Science - Engineering | 2 | 25.00 | 100% | 100% | 50% |
| Science - Other Science | 8 | 17.50 | 100% | 63% | 13% |
| Science - Physics | 6 | 23.33 | 100% | 100% | 33% |
| Thought - Philosophy | 6 | 21.67 | 100% | 100% | 17% |
| Thought - Social Science | 8 | 21.25 | 100% | 100% | 13% |